000
00262nam a2200109Ia 4500
005
20251222152611.0
008
251222s9999||||xx |||||||||||||| ||spa||
020
_a
8480021845
082
_a
344.010.269/R22
245
0
_a
Curso de Derecho del Trabajo
942
_c
LIB
999
_c
26972
_d
26972